00746 2200229 4500001002100000005001500021035002000036007000300056008004100059020002200100082001100122084001700133100001900150245018300169250001000352260004900362300003200411650003100443700002300474990000900497990001000506INLIS00000000000033720170920031706 a0010-0917000323ta170920 b 0 ind  a978-979-055-603-4 a297.77 a297.77 ARI e0 aAriany Syuifah1 aEnsiklopedika Pendidikan Agama Islam Bertanggung Jawab Jilid 6 :bMewujudkan Islam dalam Sikap dan Kesalehan Ibad,ah, Kreatif, dan Sosial /cAriany Syuifah dan Safitri Lulsiana D acet.1 aBandung :bSygma Creative Media Group,c2015 a68hlm :bilus ;c20 x 29 cm aFiqih, Akidah, hukum Islam0 aSafitri Lulsiana D a5823 a5823a